Amigos maestros /
Gespeichert in:
| 1. Verfasser: | |
|---|---|
| Format: | Elektronisch E-Book |
| Sprache: | Spanisch |
| Veröffentlicht: |
Santander :
Ediciones Universidad Cantabria,
[2021]
|
| Schriftenreihe: | Colección Analectas ;
#133. |
| Schlagworte: | |
| Online-Zugang: | Digitalia Hispánica |
| Tags: |
Tag hinzufügen
Keine Tags, Fügen Sie den ersten Tag hinzu!
|
MARC
| LEADER | 00000nam a2200000Ii 4500 | ||
|---|---|---|---|
| 001 | DIGUCANT0162 | ||
| 003 | NyNyDIG | ||
| 007 | cr ||||||||||| | ||
| 008 | 230627s2021 sp o 000 0dspa d | ||
| 006 | m o d | ||
| 035 | |a (OCoLC)1391273562 | ||
| 040 | |a DGITA |b eng |e rda |e pn |c DGITA | ||
| 043 | |a e-sp--- | ||
| 020 | |a 9788417888923 |q pdf | ||
| 020 | |z 9788417888916 |q rústica | ||
| 050 | 1 | 4 | |a PQ6019.R662 ebook |
| 100 | 1 | |a Romero, Leonardo, |d 1941- |e author. | |
| 245 | 1 | 0 | |a Amigos maestros / |c Leonardo Romero Tobar. |
| 264 | 1 | |a Santander : |b Ediciones Universidad Cantabria, |c [2021] | |
| 300 | |a 1 online resource. | ||
| 336 | |a text |b txt |2 rdacontent | ||
| 337 | |a computer |b c |2 rdamedia | ||
| 338 | |a online resource |b cr |2 rdacarrier | ||
| 347 | |a text file |2 rdaft | ||
| 347 | |b PDF | ||
| 490 | 1 | |a Colección Analectas ; |v #133 | |
| 588 | 0 | |a Online resource; title from PDF title page (Digitalia, viewed June 27, 2023) | |
| 650 | 0 | |a Spanish literature |x Study and teaching. | |
| 650 | 0 | |a Spanish teachers |z Spain |v Biography. | |
| 650 | 0 | |a Spanish literature |x History and criticism. | |
| 791 | 2 | |a Digitalia (Firm), |e distributor. | |
| 793 | 0 | |g Digitalia eBook Collection: |a Universidad de Cantabria | |
| 776 | 0 | 8 | |i Print version: |a Romero, Leonardo, 1941- |t Amigos maestros. |d Santander : Ediciones Universidad Cantabria, [2021] |z 9788417888916 |
| 830 | 0 | |a Colección Analectas ; |v #133. | |
| 856 | 4 | 0 | |3 Digitalia Hispánica |u https://digitalia.unach.elogim.com/a/125712/ |
| 910 | |a Premium collection: 2023 | ||